| 000 | 00508nam a2200169Ia 4500 | ||
|---|---|---|---|
| 008 | 090201s9999 xx 000 0 und d | ||
| 010 | _aKPL-54436 | ||
| 040 | _bमराठी | ||
| 041 | _aमराठी | ||
| 082 |
_a37326 _b54436 |
||
| 100 | _aश्री दा पानवलकर | ||
| 245 |
_aसंजारी _cश्री दा पानवलकर |
||
| 260 |
_c2004 _bमौज प्रकाशन |
||
| 300 |
_a92 _bमोठा |
||
| 600 | _aसंजारी | ||
| 942 | _cBOOK | ||
| 999 |
_c235124 _d235124 |
||